College Football Teams in 1874 - Statistics

General Stats
  • This quiz has been taken 8 times
  • The average score is 5 of 9
Answer Stats
Answer % Correct
Yale
100%
Harvard
86%
Princeton
86%
Rutgers
86%
Columbia
57%
New York
43%
Stevens Tech
43%
McGill
0%
Tufts
0%
No matching quizzes found
Score Distribution
Percent of People with Each Score
Percentile by Number Answered
Your Score History
You have not taken this quiz